[Event "HUN-chT Youth-Children 2018"]
[Site "Zalakaros"]
[Date "2018.07.28"]
[Round "6"]
[White "Kocsmar, Akos"]
[Black "Kiraly, Lilla Virag"]
[Result "1-0"]
[WhiteElo "1721"]
[BlackElo "1488"]
[Annotator "NA"]
[PlyCount "151"]
[EventDate "2018.07.26"]
[EventType "team-tourn"]
[EventCountry "HUN"]
[SourceTitle "playchess.com"]
[Source "ChessBase"]
[SourceQuality "1"]
[TimeControl "5400+30"]

1. c4 {[%emt 0:00:00]} f5 {[%emt 0:00:25]} 2. Nc3 {[%emt 0:00:07]} e6 {[%emt 0:00:20]} 3. g3 {[%emt 0:00:35]} d5 {[%emt 0:00:39]} 4. d4 {[%emt 0:00:39]} Nf6 {[%emt 0:00:35]} 5. Bg2 {[%emt 0:00:27]} c6 {[%emt 0:00:36]} 6. Nf3 {[%emt 0:00:28]} Bd6 {[%emt 0:00:59]} 7. O-O {[%emt 0:01:04]} O-O {[%emt 0:00:33]} 8. Qb3 {[%emt 0:01:12]} Ne4 {[%emt 0:01:35]} 9. Nd2 {[%emt 0:00:32]} Nd7 {[%emt 0:01:42]} 10. Ndxe4 {[%emt 0:00:57]} fxe4 {[%emt 0:00:15]} 11. cxd5 {[%emt 0:00:12]} exd5 {[%emt 0:04:54]} 12. Nxe4 {[%emt 0:00:08]} Bc7 {[%emt 0:00:40]} 13. Nc3 {[%emt 0:04:56]} Kh8 {[%emt 0:02:16]} 14. Bd2 {[%emt 0:06:37]} Nf6 {[%emt 0:02:11]} 15. Rac1 {[%emt 0:01:06]} Bb6 {[%emt 0:10:11]} 16. e3 {[%emt 0:01:06]} Bf5 {[%emt 0:03:50]} 17. a4 {[%emt 0:02:39]} Rb8 {[%emt 0:03:21]} 18. f3 {[%emt 0:06:31]} Bd3 {[%emt 0:06:31]} 19. Rf2 {[%emt 0:01:44]} Bg6 {[%emt 0:02:30]} 20. Ne2 {[%emt 0:01:40]} Re8 {[%emt 0:06:12]} 21. Nf4 {[%emt 0:00:37]} Bf7 {[%emt 0:02:04]} 22. Qc3 {[%emt 0:01:28]} a6 {[%emt 0:05:30]} 23. b4 {[%emt 0:03:09]} Rc8 {[%emt 0:08:15]} 24. Bh3 {[%emt 0:01:43]} Rc7 {[%emt 0:03:59]} 25. Nd3 {[%emt 0:00:34]} Be6 {[%emt 0:06:15]} 26. Bf1 {[%emt 0:01:01]} Rc8 {[%emt 0:06:26]} 27. Nc5 {[%emt 0:01:01]} Bxc5 {[%emt 0:00:49]} 28. bxc5 {[%emt 0:00:03]} Qd7 {[%emt 0:01:27]} 29. Rb1 {[%emt 0:01:03]} Bf5 {[%emt 0:03:29]} 30. Rb3 {[%emt 0:02:40]} Re7 {[%emt 0:03:27]} 31. Qb2 {[%emt 0:01:07]} Rf8 {[%emt 0:02:06]} 32. Be2 {[%emt 0:03:06]} Rff7 {[%emt 0:02:15]} 33. Ba5 {[%emt 0:01:50]} Qe8 {[%emt 0:01:19]} 34. Qc1 {[%emt 0:01:02]} h6 {[%emt 0:01:17]} 35. Rf1 {[%emt 0:04:13]} Re6 {[%emt 0:01:21]} 36. g4 {[%emt 0:03:51]} Bh7 {[%emt 0:00:45]} 37. Rd1 {[%emt 0:01:47]} Rfe7 {[%emt 0:02:06]} 38. Bd2 {[%emt 0:00:17]} Rf7 {[%emt 0:00:26]} 39. Qb2 {[%emt 0:00:40]} Ree7 {[%emt 0:01:09]} 40. Rc1 {[%emt 0:02:13]} Bg8 {[%emt 0:00:23]} 41. Rcc3 {[%emt 0:01:30]} Qc8 {[%emt 0:00:31]} 42. Rb6 {[%emt 0:00:34]} Qe8 {[%emt 0:00:37]} 43. Rcb3 {[%emt 0:00:20]} Qc8 {[%emt 0:00:09]} 44. Kg2 {[%emt 0:00:43]} Rd7 {[%emt 0:00:00]} 45. Bd3 {[%emt 0:00:30]} Rde7 {[%emt 0:00:25]} 46. Bg6 {[%emt 0:01:12]} Rf8 {[%emt 0:01:08]} 47. h3 {[%emt 0:03:22]} Bh7 {[%emt 0:00:41]} 48. Bxh7 {[%emt 0:00:10]} Kxh7 {[%emt 0:00:07]} 49. Rxb7 {[%emt 0:00:10]} Rxb7 {[%emt 0:01:06]} 50. Rxb7 {[%emt 0:01:10]} Qa8 {[%emt 0:01:11]} 51. Qb6 {[%emt 0:01:17]} Rc8 {[%emt 0:01:08]} 52. Ra7 {[%emt 0:00:13]} Qb8 {[%emt 0:00:15]} 53. Rxa6 {[%emt 0:00:12]} Nd7 {[%emt 0:01:15]} 54. Qxb8 {[%emt 0:01:51]} Rxb8 {[%emt 0:00:10]} 55. Kf2 {[%emt 0:00:04]} Rc8 {[%emt 0:00:58]} 56. Ra7 {[%emt 0:00:27]} Nf6 {[%emt 0:00:35]} 57. a5 {[%emt 0:00:33]} Ne8 {[%emt 0:00:41]} 58. a6 {[%emt 0:00:20]} Nc7 {[%emt 0:00:17]} 59. Ba5 {[%emt 0:00:12]} Nb5 {[%emt 0:00:19]} 60. Rb7 {[%emt 0:01:03]} Ra8 {[%emt 0:00:33]} 61. Rb6 {[%emt 0:00:47]} Rc8 {[%emt 0:00:59]} 62. Ke2 {[%emt 0:00:31]} Kg6 {[%emt 0:00:25]} 63. h4 {[%emt 0:01:46]} Kf6 {[%emt 0:00:27]} 64. Kd3 {[%emt 0:00:16]} Ke6 {[%emt 0:00:23]} 65. e4 {[%emt 0:00:33]} dxe4+ {[%emt 0:00:21]} 66. fxe4 {[%emt 0:00:07]} Kd7 {[%emt 0:00:14]} 67. Rb7+ {[%emt 0:00:07]} Ke6 {[%emt 0:00:20]} 68. Rxg7 {[%emt 0:00:12]} Ra8 {[%emt 0:00:24]} 69. Rg6+ {[%emt 0:00:13]} Kd7 {[%emt 0:00:27]} 70. Rxh6 {[%emt 0:00:20]} Rxa6 {[%emt 0:01:05]} 71. Bb4 {[%emt 0:00:02]} Ra1 {[%emt 0:00:24]} 72. d5 {[%emt 0:00:27]} cxd5 {[%emt 0:00:23]} 73. exd5 {[%emt 0:00:02]} Rd1+ {[%emt 0:00:23]} 74. Kc4 {[%emt 0:00:36]} Nc7 {[%emt 0:00:50]} 75. Rh7+ {[%emt 0:00:31]} Kc8 {[%emt 0:00:20]} 76. d6 {[%emt 0:00:21]} 1-0

[Event "HUN-chT Youth-Children 2018"]
[Site "Zalakaros"]
[Date "2018.07.28"]
[Round "6"]
[White "Balogh, Judit Dora"]
[Black "Kovacs, Bence"]
[Result "0-1"]
[WhiteElo "1674"]
[BlackElo "1994"]
[Annotator "NA"]
[PlyCount "60"]
[EventDate "2018.07.26"]
[EventType "team-tourn"]
[EventCountry "HUN"]
[SourceTitle "playchess.com"]
[Source "ChessBase"]
[SourceQuality "1"]
[TimeControl "5400+30"]

1. d4 {[%emt 0:00:00]} c5 {[%emt 0:00:09]} 2. c3 {[%emt 0:00:00]} d5 {[%emt 0:01:20]} 3. g3 {[%emt 0:00:42]} Nf6 4. Bg2 {[%emt 0:01:34]} Nc6 {[%emt 0:06:42]} 5. Nf3 {[%emt 0:00:56]} Bg4 {[%emt 0:02:41]} 6. O-O {[%emt 0:02:51]} e6 7. Bf4 {[%emt 0:03:05]} Qb6 {[%emt 0:02:48]} 8. b3 {[%emt 0:05:56]} cxd4 9. Nxd4 Bc5 {[%emt 0:09:17]} 10. Nxc6 {[%emt 0:04:08]} bxc6 {[%emt 0:00:28]} 11. Nd2 {[%emt 0:03:48]} O-O {[%emt 0:04:56]} 12. b4 {[%emt 0:02:02]} Be7 {[%emt 0:00:34]} 13. Re1 {[%emt 0:01:08]} Rad8 {[%emt 0:12:01]} 14. a3 {[%emt 0:04:14]} Nd7 {[%emt 0:05:04]} 15. a4 {[%emt 0:14:20]} e5 {[%emt 0:06:18]} 16. Be3 {[%emt 0:02:33]} Qc7 {[%emt 0:05:17]} 17. Nb3 {[%emt 0:02:20]} Nb6 {[%emt 0:09:17]} 18. Bc5 {[%emt 0:02:34]} Nc4 {[%emt 0:00:47]} 19. Qc2 {[%emt 0:01:27]} Bxc5 {[%emt 0:01:19]} 20. Nxc5 {[%emt 0:00:37]} e4 {[%emt 0:01:25]} 21. Nb3 {[%emt 0:12:45]} f5 22. Nd4 {[%emt 0:00:54]} f4 {[%emt 0:02:27]} 23. f3 {[%emt 0:04:21]} fxg3 {[%emt 0:02:45]} 24. h3 {[%emt 0:01:36]} Ne3 {[%emt 0:12:37]} 25. Qd2 {[%emt 0:01:00]} Qf4 {[%emt 0:00:44]} 26. Qc1 {[%emt 0:01:54]} Bxh3 {[%emt 0:07:56]} 27. Bxh3 {[%emt 0:03:06]} Qh6 {[%emt 0:00:21]} 28. Ne6 {[%emt 0:00:48]} Qxh3 {[%emt 0:00:14]} 29. Qxe3 {[%emt 0:00:10]} Qh2+ {[%emt 0:00:05]} 30. Kf1 {[%emt 0:00:06]} g2+ {[%emt 0:00:04]} 0-1

[Event "HUN-chT Youth-Children 2018"]
[Site "Zalakaros"]
[Date "2018.07.28"]
[Round "6"]
[White "Gulacsi, Donat Ferenc"]
[Black "Szalay-Ocsak, Bank"]
[Result "1/2-1/2"]
[WhiteElo "1610"]
[BlackElo "1639"]
[Annotator "NA"]
[PlyCount "81"]
[EventDate "2018.07.26"]
[EventType "team-tourn"]
[EventCountry "HUN"]
[SourceTitle "playchess.com"]
[Source "ChessBase"]
[SourceQuality "1"]
[TimeControl "5400+30"]

1. e4 {[%emt 0:00:00]} c5 {[%emt 0:00:29]} 2. Ne2 {[%emt 0:00:44]} d6 {[%emt 0:00:20]} 3. c4 {[%emt 0:00:27]} e5 {[%emt 0:00:28]} 4. Nbc3 {[%emt 0:01:28]} Nc6 {[%emt 0:01:51]} 5. d3 {[%emt 0:01:03]} Nge7 {[%emt 0:01:54]} 6. g3 {[%emt 0:00:50]} g6 {[%emt 0:01:33]} 7. Bg2 {[%emt 0:00:28]} Bg7 {[%emt 0:00:33]} 8. O-O {[%emt 0:01:06]} O-O {[%emt 0:00:47]} 9. f4 {[%emt 0:01:19]} f5 {[%emt 0:00:43]} 10. fxe5 {[%emt 0:01:28]} dxe5 {[%emt 0:00:28]} 11. Be3 {[%emt 0:13:57]} b6 {[%emt 0:06:08]} 12. Nd5 {[%emt 0:06:35]} Bb7 {[%emt 0:04:23]} 13. Qd2 {[%emt 0:06:51]} Qd7 {[%emt 0:09:49]} 14. a3 {[%emt 0:11:18]} fxe4 {[%emt 0:06:26]} 15. dxe4 {[%emt 0:00:55]} Nd4 {[%emt 0:00:34]} 16. Qd3 {[%emt 0:08:30]} Nec6 {[%emt 0:05:59]} 17. b4 {[%emt 0:05:10]} Rxf1+ {[%emt 0:19:28]} 18. Rxf1 {[%emt 0:00:46]} Rf8 {[%emt 0:00:06]} 19. Rxf8+ {[%emt 0:04:09]} Kxf8 {[%emt 0:00:44]} 20. b5 {[%emt 0:06:14]} Nd8 {[%emt 0:02:50]} 21. Nec3 {[%emt 0:03:47]} N8e6 {[%emt 0:02:00]} 22. Qf1+ {[%emt 0:05:25]} Qf7 {[%emt 0:03:45]} 23. h4 {[%emt 0:01:51]} Qxf1+ {[%emt 0:07:14]} 24. Bxf1 {[%emt 0:00:23]} Kf7 {[%emt 0:00:47]} 25. Bd3 {[%emt 0:03:18]} Nf8 {[%emt 0:04:28]} 26. Kg2 {[%emt 0:02:42]} Nd7 {[%emt 0:02:09]} 27. Kh3 {[%emt 0:04:43]} Nf6 {[%emt 0:01:38]} 28. Nxf6 {[%emt 0:00:51]} Bxf6 {[%emt 0:01:06]} 29. Nd5 {[%emt 0:01:12]} Bg7 {[%emt 0:00:30]} 30. g4 {[%emt 0:04:02]} Bc8 {[%emt 0:00:48]} 31. Kg3 {[%emt 0:00:21]} Bd7 {[%emt 0:02:06]} 32. g5 {[%emt 0:00:40]} Ne6 {[%emt 0:05:32]} 33. Bd2 {[%emt 0:00:47]} Nf8 {[%emt 0:00:45]} 34. a4 {[%emt 0:01:13]} Ne6 {[%emt 0:01:28]} 35. Be3 {[%emt 0:00:11]} Nd8 {[%emt 0:00:32]} 36. Bd2 {[%emt 0:00:12]} Nb7 {[%emt 0:00:52]} 37. Be3 {[%emt 0:00:48]} Nd6 {[%emt 0:00:09]} 38. Bd2 {[%emt 0:00:19]} Nc8 {[%emt 0:00:07]} 39. Be3 {[%emt 0:00:12]} Ne7 {[%emt 0:00:09]} 40. Nxe7 {[%emt 0:00:11]} Kxe7 {[%emt 0:00:05]} 41. Bd2 1/2-1/2

[Event "HUN-chT Youth-Children 2018"]
[Site "Zalakaros"]
[Date "2018.07.28"]
[Round "6"]
[White "Foldes, Marton Gabor"]
[Black "Kiss, Eniko"]
[Result "1-0"]
[WhiteElo "1590"]
[BlackElo "1697"]
[Annotator "NA"]
[PlyCount "73"]
[EventDate "2018.07.26"]
[EventType "team-tourn"]
[EventCountry "HUN"]
[SourceTitle "playchess.com"]
[Source "ChessBase"]
[SourceQuality "1"]
[TimeControl "5400+30"]

1. e4 {[%emt 0:00:00]} c5 {[%emt 0:00:02]} 2. Nf3 {[%emt 0:00:00]} d6 {[%emt 0:00:05]} 3. d4 {[%emt 0:00:00]} cxd4 {[%emt 0:00:10]} 4. Nxd4 {[%emt 0:00:08]} g6 {[%emt 0:00:22]} 5. Nc3 {[%emt 0:00:44]} Bg7 {[%emt 0:00:36]} 6. Be3 {[%emt 0:00:47]} Nc6 {[%emt 0:00:59]} 7. Qd2 {[%emt 0:01:07]} Nf6 {[%emt 0:03:03]} 8. f3 {[%emt 0:00:46]} a6 {[%emt 0:00:53]} 9. O-O-O {[%emt 0:01:36]} Bd7 {[%emt 0:00:22]} 10. g4 {[%emt 0:01:20]} b5 {[%emt 0:01:22]} 11. h4 {[%emt 0:01:55]} b4 {[%emt 0:02:15]} 12. Nd5 {[%emt 0:02:21]} a5 {[%emt 0:22:11]} 13. Nxc6 {[%emt 0:05:14]} Bxc6 {[%emt 0:00:16]} 14. Bb6 {[%emt 0:00:38]} Qb8 {[%emt 0:12:06]} 15. Nc7+ {[%emt 0:01:47]} Kf8 {[%emt 0:01:47]} 16. Nxa8 {[%emt 0:01:39]} Qxa8 {[%emt 0:03:38]} 17. h5 {[%emt 0:04:06]} Nd7 {[%emt 0:13:38]} 18. Be3 {[%emt 0:07:19]} Ke8 {[%emt 0:10:28]} 19. Be2 {[%emt 0:07:09]} Qb7 {[%emt 0:07:03]} 20. Bd4 {[%emt 0:11:27]} e5 {[%emt 0:08:10]} 21. Be3 {[%emt 0:02:06]} Bf8 {[%emt 0:00:49]} 22. Bc4 {[%emt 0:03:06]} Nb6 {[%emt 0:01:53]} 23. Bxb6 {[%emt 0:02:42]} Qxb6 {[%emt 0:00:04]} 24. Bd5 {[%emt 0:01:41]} Be7 {[%emt 0:04:37]} 25. Kb1 {[%emt 0:02:16]} Bd7 {[%emt 0:02:20]} 26. Rhg1 {[%emt 0:09:57]} h6 {[%emt 0:02:05]} 27. f4 {[%emt 0:03:26]} Bb5 {[%emt 0:01:49]} 28. c3 {[%emt 0:10:27]} Ba6 {[%emt 0:00:45]} 29. c4 {[%emt 0:00:47]} Bb7 {[%emt 0:00:31]} 30. Rdf1 {[%emt 0:00:59]} g5 {[%emt 0:00:28]} 31. fxe5 {[%emt 0:00:40]} dxe5 {[%emt 0:00:33]} 32. Bxf7+ {[%emt 0:00:33]} Kf8 {[%emt 0:00:02]} 33. Be6+ {[%emt 0:01:32]} Kg7 {[%emt 0:00:36]} 34. Rf7+ {[%emt 0:00:23]} Kg8 {[%emt 0:00:06]} 35. Rxe7+ {[%emt 0:00:18]} Kf8 {[%emt 0:00:13]} 36. Rf7+ {[%emt 0:01:27]} Kg8 {[%emt 0:00:17]} 37. Rf6+ {[%emt 0:00:57]} 1-0

[Event "HUN-chT Youth-Children 2018"]
[Site "Zalakaros"]
[Date "2018.07.28"]
[Round "6"]
[White "Herczeg, Marcell"]
[Black "Megyaszai, Balazs"]
[Result "1/2-1/2"]
[WhiteElo "1490"]
[BlackElo "1710"]
[Annotator "NA"]
[PlyCount "69"]
[EventDate "2018.07.26"]
[EventType "team-tourn"]
[EventCountry "HUN"]
[SourceTitle "playchess.com"]
[Source "ChessBase"]
[SourceQuality "1"]
[TimeControl "5400+30"]

1. e4 {[%emt 0:01:00]} c5 {[%emt 0:00:42]} 2. Nf3 {[%emt 0:00:32]} d6 {[%emt 0:00:53]} 3. c4 {[%emt 0:02:02]} Nc6 {[%emt 0:01:52]} 4. d4 {[%emt 0:01:30]} cxd4 {[%emt 0:01:20]} 5. Nxd4 {[%emt 0:00:32]} Nf6 {[%emt 0:01:37]} 6. Nc3 {[%emt 0:00:27]} a6 {[%emt 0:01:54]} 7. Be2 {[%emt 0:01:27]} e6 {[%emt 0:00:58]} 8. Be3 {[%emt 0:02:38]} Be7 {[%emt 0:01:41]} 9. O-O {[%emt 0:00:51]} O-O {[%emt 0:01:47]} 10. Rc1 {[%emt 0:01:40]} Bd7 {[%emt 0:02:00]} 11. f4 {[%emt 0:01:34]} Rc8 {[%emt 0:01:10]} 12. b3 {[%emt 0:00:42]} Qc7 {[%emt 0:02:49]} 13. Bf3 {[%emt 0:00:47]} Rfd8 {[%emt 0:03:29]} 14. Qe2 {[%emt 0:04:37]} Qb8 {[%emt 0:07:47]} 15. g4 {[%emt 0:04:31]} h6 {[%emt 0:06:29]} 16. h4 {[%emt 0:07:33]} Nh7 {[%emt 0:04:49]} 17. g5 {[%emt 0:03:31]} hxg5 {[%emt 0:04:10]} 18. fxg5 {[%emt 0:04:14]} Ne5 {[%emt 0:03:19]} 19. Qg2 {[%emt 0:03:52]} Rf8 {[%emt 0:03:44]} 20. h5 {[%emt 0:02:44]} g6 {[%emt 0:04:01]} 21. hxg6 {[%emt 0:02:05]} Nxg6 {[%emt 0:00:37]} 22. Bh5 {[%emt 0:00:41]} Rce8 {[%emt 0:04:19]} 23. Nf3 {[%emt 0:12:12]} Qd8 {[%emt 0:02:26]} 24. Rcd1 {[%emt 0:05:07]} Qa5 {[%emt 0:03:02]} 25. Rd3 {[%emt 0:02:50]} Bc8 {[%emt 0:04:27]} 26. Na4 {[%emt 0:14:30]} Qc7 {[%emt 0:04:35]} 27. Qg3 {[%emt 0:01:16]} Qc6 {[%emt 0:02:01]} 28. e5 {[%emt 0:02:14]} Qe4 {[%emt 0:01:50]} 29. Rfd1 {[%emt 0:02:08]} Nxe5 {[%emt 0:04:59]} 30. Nxe5 {[%emt 0:00:21]} Qxe5 {[%emt 0:01:34]} 31. Bf4 {[%emt 0:05:00]} Qg7 {[%emt 0:02:11]} 32. Kh2 {[%emt 0:03:54]} e5 {[%emt 0:02:02]} 33. Bc1 {[%emt 0:01:07]} Bf5 {[%emt 0:00:49]} 34. Rd5 {[%emt 0:01:35]} Be6 {[%emt 0:02:05]} 35. R5d3 {[%emt 0:00:26]} 1/2-1/2

[Event "HUN-chT Youth-Children 2018"]
[Site "Zalakaros"]
[Date "2018.07.28"]
[Round "6"]
[White "Kis, Izabella"]
[Black "Homolya, Daniel"]
[Result "1/2-1/2"]
[WhiteElo "1446"]
[BlackElo "1057"]
[Annotator "NA"]
[PlyCount "58"]
[EventDate "2018.07.26"]
[EventType "team-tourn"]
[EventCountry "HUN"]
[SourceTitle "playchess.com"]
[Source "ChessBase"]
[SourceQuality "1"]
[TimeControl "5400+30"]

1. e4 {[%emt 0:00:00]} e5 {[%emt 0:00:51]} 2. Nf3 {[%emt 0:00:00]} Nc6 {[%emt 0:01:18]} 3. Bc4 {[%emt 0:00:00]} Bc5 {[%emt 0:01:11]} 4. Nc3 {[%emt 0:00:20]} d6 {[%emt 0:01:10]} 5. h3 {[%emt 0:01:30]} Be6 {[%emt 0:01:09]} 6. Bb3 {[%emt 0:00:34]} Nf6 {[%emt 0:01:05]} 7. d3 {[%emt 0:01:38]} O-O {[%emt 0:01:25]} 8. Be3 {[%emt 0:01:37]} Bb6 {[%emt 0:01:31]} 9. O-O {[%emt 0:00:24]} Qd7 {[%emt 0:01:35]} 10. Kh2 {[%emt 0:06:19]} Rad8 {[%emt 0:02:35]} 11. Bg5 {[%emt 0:02:05]} Kh8 {[%emt 0:01:00]} 12. Nd5 {[%emt 0:01:56]} Bxd5 {[%emt 0:02:11]} 13. Bxd5 {[%emt 0:00:24]} Rde8 {[%emt 0:06:51]} 14. Bb3 {[%emt 0:05:05]} Rg8 {[%emt 0:04:32]} 15. Qd2 {[%emt 0:04:03]} Na5 {[%emt 0:08:06]} 16. Nh4 {[%emt 0:03:09]} Nxb3 {[%emt 0:01:26]} 17. axb3 {[%emt 0:00:13]} Qe6 {[%emt 0:05:15]} 18. Nf5 {[%emt 0:01:56]} g6 {[%emt 0:03:25]} 19. Nh6 {[%emt 0:05:53]} Rgf8 {[%emt 0:04:19]} 20. f4 {[%emt 0:05:50]} Nd7 {[%emt 0:06:20]} 21. f5 {[%emt 0:03:20]} gxf5 {[%emt 0:02:59]} 22. Rxf5 {[%emt 0:03:29]} f6 {[%emt 0:04:40]} 23. Bh4 {[%emt 0:03:28]} Re7 {[%emt 0:02:54]} 24. Raf1 {[%emt 0:09:30]} Rg7 {[%emt 0:03:27]} 25. R1f3 {[%emt 0:06:37]} Rg6 {[%emt 0:04:32]} 26. Rg3 {[%emt 0:01:29]} Qe8 {[%emt 0:03:17]} 27. Ng4 {[%emt 0:04:23]} Qe7 {[%emt 0:07:10]} 28. Qe2 {[%emt 0:02:20]} c6 {[%emt 0:01:23]} 29. Qf3 {[%emt 0:01:09]} Bd8 1/2-1/2

[Event "HUN-chT Youth-Children 2018"]
[Site "Zalakaros"]
[Date "2018.07.28"]
[Round "6"]
[White "Koteljarto, Aron"]
[Black "Turcsanyi, Vince Gergo"]
[Result "1/2-1/2"]
[WhiteElo "1404"]
[BlackElo "1639"]
[Annotator "NA"]
[PlyCount "46"]
[EventDate "2018.07.26"]
[EventType "team-tourn"]
[EventCountry "HUN"]
[SourceTitle "playchess.com"]
[Source "ChessBase"]
[SourceQuality "1"]
[TimeControl "5400+30"]

1. d4 {[%emt 0:00:00]} d5 {[%emt 0:00:07]} 2. Nf3 {[%emt 0:00:00]} e6 {[%emt 0:00:12]} 3. Bf4 {[%emt 0:00:04]} f5 {[%emt 0:00:12]} 4. h3 {[%emt 0:01:06]} Nf6 {[%emt 0:00:17]} 5. Nbd2 {[%emt 0:00:09]} Be7 {[%emt 0:00:44]} 6. e3 {[%emt 0:00:08]} O-O {[%emt 0:00:10]} 7. Be2 {[%emt 0:00:16]} Ne4 {[%emt 0:00:20]} 8. Ne5 {[%emt 0:01:06]} Nd7 {[%emt 0:00:40]} 9. Ndf3 {[%emt 0:00:32]} Bb4+ {[%emt 0:03:02]} 10. Kf1 {[%emt 0:01:58]} Bd6 {[%emt 0:01:31]} 11. c3 {[%emt 0:01:05]} Ndf6 {[%emt 0:03:30]} 12. Bd3 {[%emt 0:00:51]} Nh5 {[%emt 0:11:41]} 13. Ke2 {[%emt 0:07:24]} Nxf4+ {[%emt 0:06:55]} 14. exf4 {[%emt 0:00:09]} c6 {[%emt 0:03:56]} 15. g3 {[%emt 0:06:38]} Bxe5 {[%emt 0:01:30]} 16. Nxe5 {[%emt 0:09:08]} Qb6 {[%emt 0:00:48]} 17. Qb3 {[%emt 0:10:43]} Qa5 {[%emt 0:08:31]} 18. Rhd1 {[%emt 0:10:11]} c5 {[%emt 0:04:59]} 19. Bxe4 {[%emt 0:03:01]} fxe4 {[%emt 0:00:30]} 20. dxc5 {[%emt 0:01:38]} Qxc5 {[%emt 0:00:10]} 21. Rd4 {[%emt 0:00:54]} b6 {[%emt 0:01:49]} 22. Rad1 {[%emt 0:00:47]} Ba6+ {[%emt 0:03:05]} 23. Ke1 Rad8 1/2-1/2

[Event "HUN-chT Youth-Children 2018"]
[Site "Zalakaros"]
[Date "2018.07.28"]
[Round "6"]
[White "Lazsadi, Kerka Lilla"]
[Black "Kasnya, Peter"]
[Result "1/2-1/2"]
[WhiteElo "1399"]
[BlackElo "1320"]
[Annotator "NA"]
[PlyCount "86"]
[EventDate "2018.07.26"]
[EventType "team-tourn"]
[EventCountry "HUN"]
[SourceTitle "playchess.com"]
[Source "ChessBase"]
[SourceQuality "1"]
[TimeControl "5400+30"]

1. e4 {[%emt 0:00:00]} c5 {[%emt 0:00:11]} 2. Nf3 {[%emt 0:00:00]} a6 {[%emt 0:00:08]} 3. Nc3 {[%emt 0:00:25]} b5 {[%emt 0:00:11]} 4. d3 {[%emt 0:01:08]} Bb7 {[%emt 0:00:21]} 5. Bf4 {[%emt 0:01:09]} d6 {[%emt 0:00:56]} 6. a4 {[%emt 0:01:44]} b4 {[%emt 0:05:21]} 7. Ne2 {[%emt 0:00:59]} g6 {[%emt 0:00:50]} 8. c3 {[%emt 0:06:27]} Bg7 {[%emt 0:02:09]} 9. Qd2 {[%emt 0:01:54]} a5 {[%emt 0:01:16]} 10. Ng3 {[%emt 0:01:29]} Nf6 {[%emt 0:01:14]} 11. Be2 {[%emt 0:03:09]} O-O {[%emt 0:00:36]} 12. O-O {[%emt 0:00:34]} Nbd7 {[%emt 0:00:50]} 13. Bh6 {[%emt 0:01:22]} Rc8 {[%emt 0:01:20]} 14. Nh4 {[%emt 0:02:17]} e6 {[%emt 0:02:31]} 15. f4 {[%emt 0:01:35]} Bxh6 {[%emt 0:01:23]} 16. Qe1 {[%emt 0:13:45]} Bg7 {[%emt 0:08:24]} 17. Nf3 {[%emt 0:12:09]} Qe7 {[%emt 0:02:30]} 18. c4 {[%emt 0:04:39]} Rfe8 {[%emt 0:08:04]} 19. Rd1 {[%emt 0:03:55]} Ng4 {[%emt 0:04:36]} 20. Qd2 {[%emt 0:01:04]} Nb6 {[%emt 0:04:08]} 21. b3 {[%emt 0:01:26]} Red8 {[%emt 0:11:37]} 22. h3 {[%emt 0:04:04]} Nf6 {[%emt 0:01:24]} 23. Qc2 {[%emt 0:03:02]} Bh6 {[%emt 0:07:36]} 24. f5 Bg7 {[%emt 0:06:18]} 25. fxg6 {[%emt 0:08:36]} fxg6 {[%emt 0:00:27]} 26. Qd2 {[%emt 0:09:30]} d5 {[%emt 0:01:01]} 27. exd5 {[%emt 0:02:32]} exd5 {[%emt 0:00:24]} 28. Qc2 {[%emt 0:00:40]} dxc4 {[%emt 0:00:36]} 29. dxc4 {[%emt 0:00:32]} Ne4 {[%emt 0:01:33]} 30. Nxe4 {[%emt 0:03:44]} Qxe4 {[%emt 0:00:48]} 31. Bd3 {[%emt 0:00:43]} Qe6 {[%emt 0:02:00]} 32. Rfe1 {[%emt 0:07:10]} Qf7 {[%emt 0:01:37]} 33. Rf1 {[%emt 0:02:30]} Qc7 {[%emt 0:01:56]} 34. Ng5 {[%emt 0:00:45]} Qb8 {[%emt 0:05:08]} 35. Bxg6 {[%emt 0:01:20]} hxg6 {[%emt 0:03:11]} 36. Qxg6 {[%emt 0:00:12]} Be4 {[%emt 0:02:32]} 37. Rxd8+ {[%emt 0:00:16]} Rxd8 {[%emt 0:00:25]} 38. Qxe4 {[%emt 0:00:17]} Bd4+ {[%emt 0:00:23]} 39. Kh1 {[%emt 0:00:10]} Rd7 {[%emt 0:03:31]} 40. Qe6+ {[%emt 0:00:49]} Kh8 {[%emt 0:01:49]} 41. Qh6+ {[%emt 0:00:15]} Kg8 {[%emt 0:00:12]} 42. Qg6+ {[%emt 0:00:11]} Rg7 {[%emt 0:00:45]} 43. Qe6+ {[%emt 0:00:14]} Kh8 {[%emt 0:00:49]} 1/2-1/2